African Countries - Statistics

General Stats
  • This quiz has been taken 64 times
  • The average score is 22 of 27
Answers on the Grid
Answers color-coded by a green-red scale on the quiz's grid according to % correct below.
Sudan
South Sudan
Tunisia
Libya
Egypt
Algeria
Mauritania
Morrocco
Gamibia
Angola
Benin
Botswana
Burkina Faso
Burundi
Cabo Verde
Cameroon
Central African Republic
Chad
Comoros
Congo
Ivory Coast
Democratic Republic of the Congo
Equatorial Guinea
Eritrea
Eswatini
Ethiopia
Gabon
Estonia
Indonesia
Suriname
 
Answer Stats
Answer % Correct
Burundi
100%
Cameroon
93%
South Sudan
93%
Sudan
93%
Algeria
86%
Benin
86%
Botswana
86%
Burkina Faso
86%
Chad
86%
Democratic Republic of the Congo
86%
Gabon
86%
Ivory Coast
86%
Libya
86%
Tunisia
86%
Angola
79%
Central African Republic
79%
Comoros
79%
Eritrea
79%
Eswatini
79%
Ethiopia
79%
Gamibia
79%
Mauritania
79%
Morrocco
79%
Cabo Verde
71%
Congo
71%
Egypt
71%
Equatorial Guinea
71%
No matching quizzes found
Score Distribution
Percent of People with Each Score
Percentile by Number Answered
Your Score History
You have not taken this quiz